[Event "blitzwomeanteam"]
[Site "?"]
[Date "2016.10.07"]
[Round "3.1"]
[White "Galliamova, Alisa"]
[Black "Bodnaruk, Anastasia"]
[Result "1/2-1/2"]
[LiveChessVersion "1.4.4"]
[BlackElo "2386"]
[WhiteElo "2403"]

1. d4 {[%clk 0:03:03]} Nf6 {[%clk 0:03:04]} 2. Nf3 {[%clk 0:03:04]} g6
{[%clk 0:03:05]} 3. g3 {[%clk 0:03:05]} Bg7 {[%clk 0:03:06]} 4. Bg2
{[%clk 0:03:07]} O-O {[%clk 0:03:08]} 5. O-O {[%clk 0:03:07]} d6 6. b3 Nc6
{[%clk 0:02:59]} 7. Bb2 {[%clk 0:03:07]} e5 {[%clk 0:03:00]} 8. dxe5
{[%clk 0:03:05]} Ng4 {[%clk 0:03:01]} 9. c4 {[%clk 0:02:53]} Ngxe5
{[%clk 0:02:45]} 10. Nxe5 {[%clk 0:02:47]} dxe5 {[%clk 0:02:39]} 11. Nc3
{[%clk 0:02:34]} Be6 {[%clk 0:02:19]} 12. Bxc6 {[%clk 0:02:26]} bxc6
{[%clk 0:02:20]} 13. Qxd8 {[%clk 0:02:25]} Rfxd8 {[%clk 0:02:21]} 14. Rfd1
{[%clk 0:02:26]} e4 {[%clk 0:01:58]} 15. Na4 {[%clk 0:02:26]} Bxb2
{[%clk 0:01:57]} 16. Nxb2 {[%clk 0:02:27]} f5 {[%clk 0:01:57]} 17. f3
{[%clk 0:02:08]} exf3 {[%clk 0:01:55]} 18. exf3 {[%clk 0:02:09]} f4
{[%clk 0:01:44]} 19. gxf4 {[%clk 0:02:04]} Rf8 {[%clk 0:01:34]} 20. Nd3
{[%clk 0:02:01]} Rad8 {[%clk 0:01:27]} 21. Kf2 {[%clk 0:01:59]} Kg7
{[%clk 0:01:27]} 22. Nc5 {[%clk 0:01:49]} Bc8 {[%clk 0:01:22]} 23. Rxd8
{[%clk 0:01:43]} Rxd8 {[%clk 0:01:23]} 24. Ke3 {[%clk 0:01:44]} Re8+
{[%clk 0:01:18]} 25. Ne4 {[%clk 0:01:44]} Rd8 {[%clk 0:01:20]} 26. Rc1
{[%clk 0:01:40]} Bf5 {[%clk 0:01:16]} 27. Ke2 {[%clk 0:01:25]} Re8
{[%clk 0:01:16]} 28. Ke3 {[%clk 0:01:22]} Rd8 {[%clk 0:01:18]} 29. Ke2
{[%clk 0:01:03]} Re8 {[%clk 0:01:19]} 30. Kf2 {[%clk 0:00:44]} Rd8
{[%clk 0:01:11]} 31. Ke3 {[%clk 0:00:38]} Rd7 {[%clk 0:01:09]} 32. b4
{[%clk 0:00:29]} Rd8 {[%clk 0:01:08]} 33. Rc3 {[%clk 0:00:31]} Rd1
{[%clk 0:01:07]} 34. Ra3 Re1+ {[%clk 0:00:53]} 35. Kd4 {[%clk 0:00:31]} Rh1
{[%clk 0:00:45]} 36. Rxa7 {[%clk 0:00:30]} Rxh2 {[%clk 0:00:45]} 37. Rxc7+
{[%clk 0:00:31]} Kf8 {[%clk 0:00:43]} 38. a4 {[%clk 0:00:30]} h5 {[%clk 0:00:41]}
39. a5 {[%clk 0:00:31]} Ra2 {[%clk 0:00:41]} 40. Rxc6 {[%clk 0:00:29]} h4
{[%clk 0:00:41]} 41. Ng5 {[%clk 0:00:30]} h3 {[%clk 0:00:35]} 42. Nxh3
{[%clk 0:00:30]} Bxh3 {[%clk 0:00:37]} 43. Rxg6 {[%clk 0:00:30]} Ke7
{[%clk 0:00:38]} 44. Kc5 {[%clk 0:00:30]} Be6 {[%clk 0:00:38]} 45. Rg7+
{[%clk 0:00:28]} Kf6 {[%clk 0:00:39]} 46. Rc7 {[%clk 0:00:29]} Bxc4
{[%clk 0:00:37]} 47. Rc6+ {[%clk 0:00:29]} Be6 {[%clk 0:00:39]} 48. a6
{[%clk 0:00:30]} Ke7 {[%clk 0:00:39]} 49. Kb6 {[%clk 0:00:28]} Bd5
{[%clk 0:00:37]} 50. Rc7+ {[%clk 0:00:25]} Kd6 {[%clk 0:00:38]} 51. b5
{[%clk 0:00:25]} Bxf3 {[%clk 0:00:34]} 52. a7 {[%clk 0:00:23]} Be4
{[%clk 0:00:22]} 53. Rc4 {[%clk 0:00:17]} Bh1 {[%clk 0:00:19]} 54. Rd4+
{[%clk 0:00:18]} Ke6 {[%clk 0:00:19]} 55. Rd1 {[%clk 0:00:11]} Bf3
{[%clk 0:00:20]} 56. Rc1 {[%clk 0:00:11]} Kf5 {[%clk 0:00:21]} 57. Rc4
{[%clk 0:00:12]} Bg2 {[%clk 0:00:17]} 58. Rc8 {[%clk 0:00:07]} Kxf4
{[%clk 0:00:17]} 59. Rg8 {[%clk 0:00:06]} Be4 {[%clk 0:00:17]} 60. Rf8+
{[%clk 0:00:07]} Kg5 {[%clk 0:00:16]} 61. Re8 {[%clk 0:00:08]} Bh1
{[%clk 0:00:17]} 62. Rg8+ {[%clk 0:00:09]} Kf6 {[%clk 0:00:18]} 63. Rh8
{[%clk 0:00:10]} Be4 {[%clk 0:00:18]} 64. Re8 {[%clk 0:00:11]} Bh1
{[%clk 0:00:19]} 65. Rh8 {[%clk 0:00:12]} Be4 {[%clk 0:00:20]} 66. Re8
{[%clk 0:00:12]} Bh1 {[%clk 0:00:21]} 67. Rh8 {[%clk 0:00:11]} Be4
{[%clk 0:00:21]} 1/2-1/2

[Event "blitzwomeanteam"]
[Site "?"]
[Date "2016.10.07"]
[Round "3.2"]
[White "Ovod, Evgenija"]
[Black "Ambartsumova, Karina"]
[Result "0-1"]
[LiveChessVersion "1.4.4"]
[BlackElo "2293"]
[WhiteElo "2195"]

1. d4 {[%clk 0:03:03]} d5 {[%clk 0:03:02]} 2. c4 {[%clk 0:03:04]} e6
{[%clk 0:03:04]} 3. Nf3 {[%clk 0:03:06]} Nf6 {[%clk 0:03:05]} 4. e3
{[%clk 0:03:07]} c5 {[%clk 0:03:03]} 5. cxd5 {[%clk 0:03:06]} exd5
{[%clk 0:03:04]} 6. Bb5+ {[%clk 0:03:07]} Nc6 {[%clk 0:03:05]} 7. O-O
{[%clk 0:03:03]} cxd4 {[%clk 0:03:00]} 8. Nxd4 {[%clk 0:03:03]} Bd7
{[%clk 0:03:01]} 9. b3 {[%clk 0:02:34]} Bd6 {[%clk 0:02:59]} 10. h3
{[%clk 0:02:16]} O-O {[%clk 0:02:59]} 11. Bb2 {[%clk 0:02:10]} Qe7
{[%clk 0:02:58]} 12. Nxc6 {[%clk 0:01:35]} bxc6 {[%clk 0:02:58]} 13. Bd3
{[%clk 0:01:36]} Rfe8 {[%clk 0:02:48]} 14. Nc3 {[%clk 0:01:30]} Qe5
{[%clk 0:02:42]} 15. f4 {[%clk 0:01:04]} Qxe3+ {[%clk 0:02:42]} 16. Kh1
{[%clk 0:01:05]} d4 {[%clk 0:02:04]} 17. Ne2 {[%clk 0:01:01]} c5 {[%clk 0:02:05]}
18. b4 {[%clk 0:04:23]} Bc6 {[%clk 0:02:02]} 19. Kh2 {[%clk 0:00:54]} Nh5
{[%clk 0:01:42]} 20. bxc5 {[%clk 0:00:44]} Bxf4+ {[%clk 0:01:33]} 21. Rxf4
{[%clk 0:00:43]} Nxf4 {[%clk 0:01:31]} 22. Bxd4 {[%clk 0:00:37]} Qxd3
{[%clk 0:01:31]} 23. Nxf4 {[%clk 0:00:38]} Qe4 {[%clk 0:01:16]} 24. Qd2
{[%clk 0:00:27]} Rad8 {[%clk 0:01:09]} 25. Rd1 {[%clk 0:00:27]} Ba4
{[%clk 0:01:04]} 26. Nh5 {[%clk 0:00:25]} Bxd1 {[%clk 0:00:54]} 27. Qg5
{[%clk 0:00:18]} Qxd4 {[%clk 0:00:52]} 28. c6 {[%clk 0:00:13]} Bxh5
{[%clk 0:00:51]} 29. c7 {[%clk 0:00:13]} Ra8 0-1

[Event "blitzwomeanteam"]
[Site "?"]
[Date "2016.10.07"]
[Round "3.3"]
[White "Nebolsina, Vera"]
[Black "Travkina, Anastasia"]
[Result "1/2-1/2"]
[LiveChessVersion "1.4.4"]
[BlackElo "2168"]
[WhiteElo "2226"]

1. Nf3 {[%clk 0:03:01]} d5 {[%clk 0:03:04]} 2. g3 {[%clk 0:03:01]} c6
{[%clk 0:03:04]} 3. Bg2 {[%clk 0:03:01]} Bg4 {[%clk 0:03:05]} 4. d4
{[%clk 0:02:59]} Nd7 {[%clk 0:03:00]} 5. Nbd2 {[%clk 0:02:56]} e6
{[%clk 0:02:57]} 6. O-O {[%clk 0:02:45]} Bd6 {[%clk 0:02:56]} 7. e4
{[%clk 0:02:36]} Ne7 {[%clk 0:02:53]} 8. Re1 {[%clk 0:02:09]} O-O
{[%clk 0:02:52]} 9. c3 {[%clk 0:01:51]} Bc7 {[%clk 0:02:39]} 10. h3
{[%clk 0:01:48]} Bxf3 {[%clk 0:02:39]} 11. Nxf3 {[%clk 0:01:38]} Nf6
{[%clk 0:02:19]} 12. e5 {[%clk 0:01:35]} Nd7 {[%clk 0:02:20]} 13. Ng5
{[%clk 0:01:28]} h6 {[%clk 0:02:13]} 14. Nf3 {[%clk 0:01:29]} c5 {[%clk 0:02:14]}
15. Be3 {[%clk 0:01:26]} Nc6 {[%clk 0:02:14]} 16. Qd2 {[%clk 0:01:25]} Kh7
{[%clk 0:01:56]} 17. Bf1 {[%clk 0:01:26]} f5 {[%clk 0:01:42]} 18. exf6
{[%clk 0:01:22]} Qxf6 {[%clk 0:01:39]} 19. Bd3+ {[%clk 0:01:22]} Kg8
{[%clk 0:01:39]} 20. Nh4 {[%clk 0:01:18]} e5 {[%clk 0:01:21]} 21. Ng6
{[%clk 0:00:57]} exd4 {[%clk 0:01:18]} 22. cxd4 {[%clk 0:00:46]} cxd4
{[%clk 0:01:19]} 23. Bf4 {[%clk 0:00:46]} Bxf4 {[%clk 0:01:16]} 24. Nxf4
{[%clk 0:00:47]} Nde5 {[%clk 0:01:12]} 25. Kg2 {[%clk 0:00:36]} Nxd3
{[%clk 0:00:56]} 26. Nxd3 {[%clk 0:00:35]} Rae8 {[%clk 0:00:50]} 27. Nf4
{[%clk 0:00:32]} Qg5 {[%clk 0:00:39]} 28. h4 {[%clk 0:00:23]} Qf5
{[%clk 0:00:37]} 29. Rxe8 {[%clk 0:00:20]} Rxe8 {[%clk 0:00:38]} 30. Re1
{[%clk 0:00:20]} Re4 {[%clk 0:00:39]} 31. f3 {[%clk 0:00:21]} Rxe1
{[%clk 0:00:36]} 32. Qxe1 {[%clk 0:00:22]} Qc2+ {[%clk 0:00:21]} 33. Kh3
{[%clk 0:00:23]} Qf5+ {[%clk 0:00:21]} 34. Kg2 {[%clk 0:00:24]} Qc2+
{[%clk 0:00:20]} 35. Kh3 {[%clk 0:00:23]} Qf5+ {[%clk 0:00:21]} 36. Kg2
{[%clk 0:00:23]} Qc2+ {[%clk 0:00:20]} 1/2-1/2

[Event "blitzwomeanteam"]
[Site "?"]
[Date "2016.10.07"]
[Round "3.4"]
[White "Maltsevskaya, Aleksandra"]
[Black "Belova, Olga"]
[Result "1-0"]
[LiveChessVersion "1.4.4"]
[BlackElo "2020"]
[WhiteElo "2046"]

1. e4 {[%clk 0:03:03]} e5 {[%clk 0:03:03]} 2. Nf3 {[%clk 0:03:03]} Nc6
{[%clk 0:03:04]} 3. Bb5 {[%clk 0:03:03]} a6 {[%clk 0:03:05]} 4. Ba4
{[%clk 0:03:04]} Nf6 {[%clk 0:03:05]} 5. O-O {[%clk 0:03:04]} b5 {[%clk 0:03:06]}
6. Bb3 Bc5 7. d3 {[%clk 0:02:42]} d6 {[%clk 0:02:57]} 8. a4 {[%clk 0:02:38]} Rb8
{[%clk 0:02:51]} 9. axb5 {[%clk 0:02:38]} axb5 {[%clk 0:02:52]} 10. Nc3
{[%clk 0:02:39]} h6 {[%clk 0:02:39]} 11. Nd5 {[%clk 0:02:15]} O-O
{[%clk 0:02:18]} 12. Be3 {[%clk 0:01:52]} Bg4 {[%clk 0:01:32]} 13. h3
{[%clk 0:01:41]} Bh5 {[%clk 0:01:30]} 14. Ra6 {[%clk 0:01:41]} Bxe3
{[%clk 0:01:21]} 15. fxe3 {[%clk 0:01:41]} Nxd5 {[%clk 0:01:15]} 16. exd5
{[%clk 0:01:21]} Ne7 {[%clk 0:01:16]} 17. Qe1 {[%clk 0:01:12]} Qd7
{[%clk 0:00:58]} 18. Ra7 {[%clk 0:01:10]} Ra8 {[%clk 0:00:34]} 19. Rxa8
{[%clk 0:01:01]} Rxa8 {[%clk 0:00:35]} 20. Qh4 {[%clk 0:01:02]} Bg6
{[%clk 0:00:33]} 21. Qf2 {[%clk 0:01:02]} f5 {[%clk 0:00:13]} 22. Nh4
{[%clk 0:00:59]} Bh7 {[%clk 0:00:15]} 23. e4 {[%clk 0:00:51]} f4 {[%clk 0:00:16]}
24. Nf3 {[%clk 0:00:47]} Rf8 {[%clk 0:00:08]} 25. d4 {[%clk 0:00:48]} Bxe4
{[%clk 0:00:08]} 26. dxe5 {[%clk 0:00:49]} Bxf3 {[%clk 0:00:09]} 27. Qxf3
{[%clk 0:00:50]} Ng6 {[%clk 0:00:06]} 28. e6 {[%clk 0:00:46]} Qe7
{[%clk 0:00:08]} 29. c3 Ne5 30. Qe4 {[%clk 0:00:45]} f3 {[%clk 0:00:09]} 31. Bc2
{[%clk 0:00:44]} Qg5 {[%clk 0:00:08]} 32. Qh7# {[%clk 0:00:45]} 1-0

[Event "blitzwomeanteam"]
[Site "?"]
[Date "2016.10.07"]
[Round "3.5"]
[White "Sukhareva, Evgeniya"]
[Black "Ruchieva, Natalia"]
[Result "0-1"]
[LiveChessVersion "1.4.4"]
[BlackElo "2194"]
[WhiteElo "2258"]

1. d4 {[%clk 0:03:03]} d5 {[%clk 0:03:03]} 2. Nf3 {[%clk 0:03:04]} Nf6
{[%clk 0:03:04]} 3. c4 {[%clk 0:03:05]} dxc4 {[%clk 0:03:05]} 4. e3
{[%clk 0:03:00]} e6 {[%clk 0:03:03]} 5. Bxc4 {[%clk 0:03:01]} a6 {[%clk 0:03:04]}
6. a4 {[%clk 0:03:01]} c5 {[%clk 0:03:04]} 7. O-O {[%clk 0:03:01]} Nc6
{[%clk 0:02:54]} 8. Nc3 {[%clk 0:03:00]} cxd4 {[%clk 0:02:51]} 9. exd4
{[%clk 0:03:01]} Be7 {[%clk 0:02:48]} 10. Qd3 {[%clk 0:02:58]} O-O
{[%clk 0:02:30]} 11. Rd1 {[%clk 0:02:59]} Nb4 {[%clk 0:02:30]} 12. Qe2
{[%clk 0:02:59]} b6 {[%clk 0:02:16]} 13. Ne5 {[%clk 0:02:53]} Bb7
{[%clk 0:01:52]} 14. Bg5 {[%clk 0:02:37]} Nbd5 {[%clk 0:01:50]} 15. Rd3
{[%clk 0:02:07]} Rc8 {[%clk 0:01:22]} 16. Rg3 {[%clk 0:01:23]} Nxc3
{[%clk 0:01:14]} 17. bxc3 {[%clk 0:01:25]} Ne4 {[%clk 0:01:14]} 18. Bf4
{[%clk 0:00:46]} Nxg3 {[%clk 0:01:13]} 19. Bxg3 {[%clk 0:00:47]} Bf6
{[%clk 0:01:07]} 20. Ng4 {[%clk 0:00:41]} Bd5 {[%clk 0:00:59]} 21. Bxa6
{[%clk 0:00:38]} Rxc3 {[%clk 0:00:59]} 22. Nxf6+ {[%clk 0:00:27]} Qxf6
{[%clk 0:00:58]} 23. Rd1 {[%clk 0:00:21]} h6 {[%clk 0:00:49]} 24. h3
{[%clk 0:00:19]} Rd8 {[%clk 0:00:47]} 25. Qg4 {[%clk 0:00:16]} Bb3
{[%clk 0:00:35]} 26. Re1 {[%clk 0:00:10]} Rxd4 {[%clk 0:00:26]} 27. Qe2
{[%clk 0:00:10]} Qg5 {[%clk 0:00:14]} 28. Be5 {[%clk 0:00:06]} Rd2
{[%clk 0:00:15]} 29. Ra1 0-1

[Event "blitzwomeanteam"]
[Site "?"]
[Date "2016.10.07"]
[Round "3.6"]
[White "Vasilevich, Irina"]
[Black "Drozdova, Dina"]
[Result "0-1"]
[LiveChessVersion "1.4.4"]
[BlackElo "2241"]
[WhiteElo "2165"]

1. d4 {[%clk 0:03:03]} Nf6 {[%clk 0:03:03]} 2. c4 {[%clk 0:03:05]} e6
{[%clk 0:03:05]} 3. Nc3 {[%clk 0:03:06]} Bb4 {[%clk 0:03:05]} 4. Qc2
{[%clk 0:03:07]} Nc6 {[%clk 0:03:05]} 5. Nf3 {[%clk 0:03:08]} d6 {[%clk 0:03:05]}
6. e3 {[%clk 0:03:07]} e5 {[%clk 0:03:01]} 7. d5 {[%clk 0:03:08]} Bxc3+
{[%clk 0:03:01]} 8. Qxc3 {[%clk 0:03:07]} Nb8 {[%clk 0:03:01]} 9. Be2
{[%clk 0:03:02]} Nbd7 {[%clk 0:02:58]} 10. b4 {[%clk 0:02:56]} a5
{[%clk 0:02:57]} 11. a3 {[%clk 0:02:57]} O-O {[%clk 0:02:37]} 12. O-O
{[%clk 0:02:55]} b6 {[%clk 0:02:32]} 13. Bb2 {[%clk 0:02:53]} Ba6
{[%clk 0:02:16]} 14. Rfe1 {[%clk 0:02:40]} Qe7 {[%clk 0:02:10]} 15. Nd2
{[%clk 0:02:35]} Rfb8 {[%clk 0:02:03]} 16. e4 {[%clk 0:02:24]} Nf8
{[%clk 0:02:03]} 17. Rac1 {[%clk 0:02:15]} Ng6 {[%clk 0:01:58]} 18. Bf1
{[%clk 0:02:14]} h5 {[%clk 0:01:42]} 19. h3 {[%clk 0:02:11]} h4 {[%clk 0:01:41]}
20. Kh2 {[%clk 0:02:05]} Nh5 {[%clk 0:01:41]} 21. g3 {[%clk 0:01:57]} hxg3+
{[%clk 0:01:24]} 22. fxg3 {[%clk 0:01:58]} Qg5 {[%clk 0:01:25]} 23. Rc2
{[%clk 0:01:52]} Bc8 {[%clk 0:01:22]} 24. Bc1 {[%clk 0:01:45]} Qf6
{[%clk 0:01:04]} 25. Qf3 {[%clk 0:01:38]} Qxf3 {[%clk 0:01:02]} 26. Nxf3
{[%clk 0:01:39]} axb4 {[%clk 0:01:02]} 27. axb4 {[%clk 0:01:40]} Nf6
{[%clk 0:01:00]} 28. Bd3 {[%clk 0:01:33]} Ra1 {[%clk 0:00:59]} 29. Bg5
{[%clk 0:01:23]} Rba8 {[%clk 0:00:51]} 30. Kg2 {[%clk 0:01:07]} Bd7
{[%clk 0:00:49]} 31. Be3 {[%clk 0:00:56]} Rxe1 {[%clk 0:00:42]} 32. Nxe1
{[%clk 0:00:57]} Ra3 {[%clk 0:00:43]} 33. Bf2 {[%clk 0:00:49]} Ba4
{[%clk 0:00:38]} 34. Rc1 {[%clk 0:00:45]} Ra2 {[%clk 0:00:35]} 35. c5
{[%clk 0:00:41]} bxc5 36. bxc5 Ne7 {[%clk 0:00:22]} 37. cxd6 {[%clk 0:00:36]}
cxd6 {[%clk 0:00:24]} 38. Rc7 {[%clk 0:00:36]} Kf8 {[%clk 0:00:22]} 39. Ra7
{[%clk 0:00:34]} g6 {[%clk 0:00:15]} 40. Ra8+ {[%clk 0:00:27]} Ne8
{[%clk 0:00:15]} 41. Bb5 {[%clk 0:00:25]} Rxf2+ {[%clk 0:00:13]} 42. Kxf2
{[%clk 0:00:26]} Bxb5 {[%clk 0:00:14]} 43. Nc2 {[%clk 0:00:21]} Kg7
{[%clk 0:00:15]} 44. Nb4 {[%clk 0:00:21]} Nf6 {[%clk 0:00:13]} 45. Ke3
{[%clk 0:00:19]} Bf1 {[%clk 0:00:11]} 46. Ra7 {[%clk 0:00:19]} Nc8
{[%clk 0:00:11]} 47. Rc7 {[%clk 0:00:19]} Nb6 {[%clk 0:00:13]} 48. h4
{[%clk 0:00:16]} Bg2 {[%clk 0:00:12]} 49. Rc6 {[%clk 0:00:15]} Na4
{[%clk 0:00:12]} 50. Rxd6 {[%clk 0:00:13]} Nxe4 {[%clk 0:00:10]} 51. Ra6
{[%clk 0:00:14]} Nac5 {[%clk 0:00:11]} 52. Ra7 {[%clk 0:00:14]} Nd6
{[%clk 0:00:09]} 53. Rc7 {[%clk 0:00:13]} Nce4 {[%clk 0:00:10]} 54. Rd7
{[%clk 0:00:13]} Bf1 {[%clk 0:00:10]} 55. Nd3 {[%clk 0:00:14]} Bxd3
{[%clk 0:00:11]} 56. Kxd3 {[%clk 0:00:15]} Kf8 {[%clk 0:00:11]} 57. g4
{[%clk 0:00:15]} Ke8 {[%clk 0:00:12]} 58. Ra7 {[%clk 0:00:15]} Nf2+
{[%clk 0:00:13]} 59. Kc3 Nxg4 60. Kb4 {[%clk 0:00:17]} Nf2 {[%clk 0:00:13]} 61.
Kc5 Nfe4+ 62. Kc6 {[%clk 0:00:20]} f5 {[%clk 0:00:14]} 63. Rg7 {[%clk 0:00:20]}
f4 {[%clk 0:00:14]} 64. Rxg6 {[%clk 0:00:18]} f3 {[%clk 0:00:15]} 65. Rg1
{[%clk 0:00:12]} f2 {[%clk 0:00:16]} 66. Rf1 {[%clk 0:00:13]} Nf5
{[%clk 0:00:17]} 67. h5 {[%clk 0:00:11]} Nfg3 {[%clk 0:00:18]} 68. d6
{[%clk 0:00:11]} Nxf1 {[%clk 0:00:18]} 69. d7+ {[%clk 0:00:12]} Kd8
{[%clk 0:00:19]} 70. h6 Nf6 {[%clk 0:00:20]} 71. h7 {[%clk 0:00:13]} Nxh7
{[%clk 0:00:21]} 0-1

[Event "blitzwomeanteam"]
[Site "?"]
[Date "2016.10.07"]
[Round "3.7"]
[White "Tomilova, Elena"]
[Black "Gritsayeva, Oksana"]
[Result "0-1"]
[LiveChessVersion "1.4.4"]
[BlackElo "2284"]
[WhiteElo "2223"]

1. e4 {[%clk 0:03:03]} c5 {[%clk 0:03:03]} 2. Nf3 {[%clk 0:03:04]} e6
{[%clk 0:03:04]} 3. Nc3 {[%clk 0:03:02]} a6 {[%clk 0:02:59]} 4. d4
{[%clk 0:03:02]} cxd4 {[%clk 0:03:00]} 5. Nxd4 {[%clk 0:03:03]} Qc7
{[%clk 0:03:00]} 6. Bd3 {[%clk 0:03:01]} Nf6 {[%clk 0:03:00]} 7. O-O
{[%clk 0:02:52]} b5 {[%clk 0:03:01]} 8. a4 {[%clk 0:02:46]} b4 {[%clk 0:03:01]}
9. Na2 {[%clk 0:02:42]} Bb7 {[%clk 0:03:02]} 10. Qe2 {[%clk 0:02:38]} Bc5
{[%clk 0:02:49]} 11. Nb3 {[%clk 0:02:33]} Be7 {[%clk 0:02:49]} 12. c3
{[%clk 0:02:17]} bxc3 {[%clk 0:02:46]} 13. Nxc3 {[%clk 0:02:17]} Nc6
{[%clk 0:02:29]} 14. Be3 {[%clk 0:02:03]} O-O {[%clk 0:02:26]} 15. a5
{[%clk 0:02:02]} Nb4 {[%clk 0:02:18]} 16. Bb6 {[%clk 0:01:58]} Qc8
{[%clk 0:02:15]} 17. Rac1 {[%clk 0:01:54]} Nxd3 {[%clk 0:02:09]} 18. Qxd3
{[%clk 0:01:54]} Qb8 {[%clk 0:01:54]} 19. Rfe1 {[%clk 0:01:41]} d5
{[%clk 0:01:45]} 20. e5 {[%clk 0:01:32]} Nd7 {[%clk 0:01:41]} 21. Bd4
{[%clk 0:01:23]} Bg5 {[%clk 0:01:35]} 22. Rc2 {[%clk 0:01:19]} Rc8
{[%clk 0:01:34]} 23. g3 {[%clk 0:01:00]} Bc6 {[%clk 0:01:30]} 24. Nc5
{[%clk 0:00:53]} Nxc5 {[%clk 0:01:27]} 25. Bxc5 {[%clk 0:00:54]} Qb7
{[%clk 0:01:18]} 26. Bd4 {[%clk 0:00:50]} Be7 {[%clk 0:01:15]} 27. h4
{[%clk 0:00:49]} Rab8 {[%clk 0:01:15]} 28. Rec1 {[%clk 0:00:40]} Bd7
{[%clk 0:01:12]} 29. Ne2 {[%clk 0:00:36]} Bb5 {[%clk 0:01:12]} 30. Qd2
{[%clk 0:00:32]} Rxc2 {[%clk 0:01:08]} 31. Rxc2 {[%clk 0:00:30]} Bxe2 32. Qxe2
{[%clk 0:00:32]} Rc8 {[%clk 0:00:58]} 33. Bb6 {[%clk 0:00:27]} h6
{[%clk 0:00:55]} 34. Qd2 {[%clk 0:00:24]} Rc6 {[%clk 0:00:48]} 35. Qc1
{[%clk 0:00:23]} Rxc2 {[%clk 0:00:45]} 36. Qxc2 {[%clk 0:00:25]} g6
{[%clk 0:00:40]} 37. h5 {[%clk 0:00:18]} gxh5 {[%clk 0:00:37]} 38. Qe2
{[%clk 0:00:18]} Qc8 {[%clk 0:00:35]} 39. Qxh5 {[%clk 0:00:17]} Bf8
{[%clk 0:00:33]} 40. Qg4+ {[%clk 0:00:17]} Bg7 {[%clk 0:00:31]} 41. Bd4
{[%clk 0:00:08]} Qc4 {[%clk 0:00:28]} 42. Kg2 {[%clk 0:00:05]} Kh7
{[%clk 0:00:27]} 43. Qf4 {[%clk 0:00:07]} Kg8 {[%clk 0:00:23]} 44. Qe3
{[%clk 0:00:08]} Qb5 {[%clk 0:00:20]} 45. Bc3 {[%clk 0:00:09]} Qc4
{[%clk 0:00:17]} 46. Qf3 {[%clk 0:00:09]} d4 {[%clk 0:00:17]} 47. Bd2
{[%clk 0:00:09]} d3 {[%clk 0:00:16]} 48. Qe3 {[%clk 0:00:09]} Qd5+
{[%clk 0:00:15]} 49. f3 {[%clk 0:00:09]} Bxe5 {[%clk 0:00:12]} 50. Qxh6
{[%clk 0:00:10]} Bxb2 {[%clk 0:00:11]} 51. Qg5+ {[%clk 0:00:10]} Qxg5
{[%clk 0:00:12]} 52. Bxg5 {[%clk 0:00:11]} Bc3 {[%clk 0:00:13]} 53. Kf2
{[%clk 0:00:12]} Bxa5 {[%clk 0:00:14]} 54. Ke3 {[%clk 0:00:12]} d2
{[%clk 0:00:15]} 55. Ke2 {[%clk 0:00:14]} Kg7 {[%clk 0:00:14]} 56. Be7
{[%clk 0:00:14]} Kg6 {[%clk 0:00:14]} 57. Bd6 {[%clk 0:00:14]} Bc3
{[%clk 0:00:14]} 58. Ba3 {[%clk 0:00:11]} Kf5 {[%clk 0:00:15]} 59. Bd6
{[%clk 0:00:11]} e5 {[%clk 0:00:15]} 60. Bc7 {[%clk 0:00:11]} Ke6
{[%clk 0:00:16]} 61. Bb6 {[%clk 0:00:12]} Kd5 {[%clk 0:00:17]} 62. Bd8
{[%clk 0:00:13]} Kc4 {[%clk 0:00:18]} 63. Be7 {[%clk 0:00:14]} Kb3
{[%clk 0:00:19]} 64. Kd1 {[%clk 0:00:15]} a5 {[%clk 0:00:19]} 65. Bf6
{[%clk 0:00:13]} a4 {[%clk 0:00:19]} 66. g4 {[%clk 0:00:11]} a3 {[%clk 0:00:20]}
0-1

[Event "blitzwomeanteam"]
[Site "?"]
[Date "2016.10.07"]
[Round "3.8"]
[White "Potapova, Margarita"]
[Black "Baraeva, Marina"]
[Result "1/2-1/2"]
[LiveChessVersion "1.4.4"]
[BlackElo "2170"]
[WhiteElo "1965"]

1. d4 {[%clk 0:03:03]} d5 {[%clk 0:03:04]} 2. Bf4 {[%clk 0:03:04]} Nf6
{[%clk 0:03:02]} 3. e3 {[%clk 0:03:05]} c6 {[%clk 0:03:03]} 4. c4
{[%clk 0:03:05]} e6 {[%clk 0:02:47]} 5. Nc3 {[%clk 0:03:04]} Bd6 {[%clk 0:02:46]}
6. Bg3 {[%clk 0:03:01]} O-O {[%clk 0:02:45]} 7. Nf3 {[%clk 0:03:02]} a6
{[%clk 0:02:38]} 8. Bd3 {[%clk 0:02:48]} dxc4 {[%clk 0:02:37]} 9. Bxc4
{[%clk 0:02:49]} b5 {[%clk 0:02:34]} 10. Bd3 {[%clk 0:02:50]} c5 {[%clk 0:02:07]}
11. Bxd6 {[%clk 0:02:38]} Qxd6 {[%clk 0:02:06]} 12. dxc5 {[%clk 0:02:36]} Qxc5
{[%clk 0:02:05]} 13. Rc1 {[%clk 0:02:35]} Qb6 {[%clk 0:02:00]} 14. Ne4
{[%clk 0:02:09]} Nxe4 {[%clk 0:01:53]} 15. Bxe4 {[%clk 0:02:09]} Bb7
{[%clk 0:01:53]} 16. Bxb7 {[%clk 0:02:09]} Qxb7 {[%clk 0:01:54]} 17. O-O
{[%clk 0:02:05]} Nc6 {[%clk 0:01:53]} 18. Qd6 {[%clk 0:02:00]} Rac8
{[%clk 0:01:49]} 19. a3 {[%clk 0:01:37]} Rfd8 {[%clk 0:01:44]} 20. Qf4
{[%clk 0:01:38]} Ne7 {[%clk 0:01:37]} 21. Ne5 {[%clk 0:01:33]} Nd5
{[%clk 0:01:33]} 22. Qf3 {[%clk 0:01:32]} f6 {[%clk 0:01:24]} 23. Nd3
{[%clk 0:01:27]} Qe7 {[%clk 0:01:18]} 24. e4 {[%clk 0:01:19]} Nb6
{[%clk 0:01:16]} 25. Nb4 {[%clk 0:01:16]} Qb7 {[%clk 0:01:08]} 26. Qg4
{[%clk 0:01:08]} Kf7 {[%clk 0:01:00]} 27. Qh5+ {[%clk 0:01:08]} Kg8
{[%clk 0:01:01]} 28. Qg4 {[%clk 0:01:09]} Kf7 {[%clk 0:01:02]} 29. Qh5+
{[%clk 0:01:08]} Kg8 {[%clk 0:01:03]} 30. Qg4 {[%clk 0:01:09]} 1/2-1/2